Statistics for Top Gear top 20 power laps

Click here to take the quiz!

General Stats

  • This quiz has been taken 85 times
    (65 since last reset)
  • The average score is 10 of 21

Answer Stats

TimeCar% Correct
1:18.3Bugatti Veyron 16.4
83%
1:16.8Bugatti Veyron Super Sport
83%
1:15.1 (moist)Ariel Atom 500 V8
69%
1:18.4Pagani Zonda F
69%
1:17.8Pagani Zonda Roadster F (Clubsport version)
69%
1:19.0Enzo Ferrari
65%
1:13.8Pagani Huayra
60%
1:17.6Koenigsegg CCX (with Top Gear Wing)
58%
1:16.5Lamborghini Aventador LP700-4
56%
1:16.2McLaren MP4-12C
50%
1:15.8Lamborghini Huracán
48%
1:17.8Nissan GT-R (2012)
46%
1:17.1Gumpert Apollo S
42%
1:14.3BAC Mono
40%
1:18.9Maserati MC12
27%
1:17.3Ascari A10
25%
1:17.9 (cold)Caterham Seven Superlight R500
25%
1:19.0Lamborghini Murciélago LP670-4 SuperVeloce
25%
1:17.7 (cold)Noble M600
23%
1:17.5Mercedes-AMG GT S
19%
1:19.0Mercedes-Benz SLS AMG Black Series
6%

Score Distribution

Percentile by Number Answered

Percent of People with Each Score

Your Score History

You have not taken this quiz since the last reset